000 00283nam a22001337a 4500
008 170503b xxu||||| |||| 00| 0 eng d
020 _a9780307290441
041 _aeng
080 _a342
100 _a13
101 _aSHJ
245 _aTHE CIVIL WAR
_cFOOTE.SH
942 _2udc
_cBK
999 _c12550
_d12550